Работа с файлами: пер. с англ.

Dades bibliogràfiques
Autor principal: Джадд Д. Р.
Altres autors: Любимский Э. З. (редактор)
Sumari:Книга входит в серию "Математическое обеспечение ЭВМ", выпускаемую издательством "Мир" с 1974 г. , и посвящена принципам организации и методам обработки больших массивов информации. В книге затрагивается практически вся современная проблематика использования файлов. Особый интерес представляют вопросы их защиты, использования файлов в системах, работающих в режиме реального времени, а также принципы построения и методы отладки программ обработки. Проводимые автором исследования не связаны с какой-либо конкретной вычислительной системой, и поэтому их результаты могут быть использованы при создании самых различных систем обработки данных. Книга заинтересует специалистов любой квалификации, занимающихся математическим обеспечением ЭВМ.
Idioma:rus
Publicat: Москва, Мир, 1975
Col·lecció:Математическое обеспечение ЭВМ
Matèries:
Format: MixedMaterials Llibre
KOHA link:https://koha.lib.tpu.ru/cgi-bin/koha/opac-detail.pl?biblionumber=246298

MARC

LEADER 00000nam0a2200000 4500
001 246298
005 20231101232207.0
035 |a (RuTPU)RU\TPU\book\267743 
090 |a 246298 
100 |a 20131128d1975 km y0rusy50 ca 
101 0 |a rus 
102 |a RU 
105 |a a z 001zy 
200 1 |a Работа с файлами  |e пер. с англ.  |f Д. Р. Джадд  |g под ред. Э. З. Любимского 
210 |a Москва  |c Мир  |d 1975 
215 |a 144 с.  |c схемы 
225 1 |a Математическое обеспечение ЭВМ 
320 |a Библиогр.: с. 136-141. 
330 |a Книга входит в серию "Математическое обеспечение ЭВМ", выпускаемую издательством "Мир" с 1974 г. , и посвящена принципам организации и методам обработки больших массивов информации. В книге затрагивается практически вся современная проблематика использования файлов. Особый интерес представляют вопросы их защиты, использования файлов в системах, работающих в режиме реального времени, а также принципы построения и методы отладки программ обработки. Проводимые автором исследования не связаны с какой-либо конкретной вычислительной системой, и поэтому их результаты могут быть использованы при создании самых различных систем обработки данных. Книга заинтересует специалистов любой квалификации, занимающихся математическим обеспечением ЭВМ. 
606 1 |a Цифровые вычислительные машины  |x Математические основы  |2 stltpush  |3 (RuTPU)RU\TPU\subj\18424  |9 43859 
610 1 |a файлы 
610 1 |a защита 
610 1 |a системы реального времени 
610 1 |a информация 
610 1 |a обработка 
610 1 |a обработка информации 
675 |a 681.322  |v 3 
700 1 |a Джадд  |b Д. Р. 
702 1 |a Любимский  |b Э. З.  |4 340 
801 1 |a RU  |b 63413507  |c 20131128 
801 2 |a RU  |b 63413507  |c 20150130  |g RCR 
942 |c BK